[Event "42. Open Ciutat de Badalona 2016 - B"]
[Site "Badalona ESP"]
[Date "2016.08.02"]
[Round "1.1"]
[White "Castejon Ch De Guzman, Diego"]
[Black "Garcia Payas, Alex"]
[Result "1/2-1/2"]
[WhiteElo "1946"]
[BlackElo "1701"]
[PlyCount "65"]
[EventDate "2016.08.02"]
[EventType "swiss"]
[EventRounds "9"]
[EventCountry "ESP"]
[SourceTitle "Ajedrez en Madrid"]
[Source "lmi"]
[SourceDate "2016.08.02"]
[SourceVersion "1"]
[SourceVersionDate "2018.07.18"]
[SourceQuality "1"]

1. d4 Nf6 2. Nf3 e6 3. c4 b6 4. g3 Bb7 5. Bg2 Be7 6. O-O O-O 7. Nc3 d5 8. b3 c5
9. cxd5 Nxd5 10. Nxd5 Bxd5 11. Bb2 Bf6 12. Re1 Bb7 13. e4 Nc6 14. e5 Be7 15.
dxc5 Bxc5 16. Qe2 Qe7 17. h4 Nb4 18. a3 Ba6 19. Qe4 Bd3 20. Qf4 Nc2 21. Rad1
Rad8 22. b4 Nxe1 23. Rxe1 Rc8 24. bxc5 Rxc5 25. Nd4 Rfc8 26. Qe3 Bg6 27. Qb3
Qd7 28. Bh3 Rc4 29. Qe3 Rd8 30. Rd1 Qa4 31. Bg4 Rc5 32. Bf3 Rdc8 33. Rd2
1/2-1/2

[Event "42. Open Ciutat de Badalona 2016 - B"]
[Site "Badalona ESP"]
[Date "2016.08.02"]
[Round "1.2"]
[White "Alhasan, Hasan"]
[Black "Gaitan Ramirez, Alfonso"]
[Result "1/2-1/2"]
[WhiteElo "1701"]
[BlackElo "1943"]
[PlyCount "56"]
[EventDate "2016.08.02"]
[EventType "swiss"]
[EventRounds "9"]
[EventCountry "ESP"]
[SourceTitle "Ajedrez en Madrid"]
[Source "lmi"]
[SourceDate "2016.08.02"]
[SourceVersion "1"]
[SourceVersionDate "2018.07.18"]
[SourceQuality "1"]

1. d4 Nf6 2. Bg5 Ne4 3. Bh4 d5 4. Nf3 g6 5. e3 Bg7 6. Be2 O-O 7. O-O c5 8. c3
Nc6 9. dxc5 h6 10. Nbd2 Nxc5 11. Nd4 g5 12. Bg3 e5 13. Nxc6 bxc6 14. Qc2 Be6
15. f4 exf4 16. exf4 d4 17. cxd4 Bxd4+ 18. Kh1 Nd7 19. fxg5 hxg5 20. Nb3 Bg7
21. Ba6 Qb6 22. Bd3 c5 23. Bh7+ Kh8 24. Be4 Rac8 25. Qe2 g4 26. Bf5 Bxf5 27.
Rxf5 Qg6 28. Raf1 c4 1/2-1/2

[Event "42. Open Ciutat de Badalona 2016 - B"]
[Site "Badalona ESP"]
[Date "2016.08.02"]
[Round "1.3"]
[White "Romeu Perulles, Jaume"]
[Black "Gonzalez Muelas, Javier"]
[Result "1-0"]
[WhiteElo "1937"]
[BlackElo "1694"]
[PlyCount "73"]
[EventDate "2016.08.02"]
[EventType "swiss"]
[EventRounds "9"]
[EventCountry "ESP"]
[SourceTitle "Ajedrez en Madrid"]
[Source "lmi"]
[SourceDate "2016.08.02"]
[SourceVersion "1"]
[SourceVersionDate "2018.07.18"]
[SourceQuality "1"]

1. e4 e5 2. Nf3 Nc6 3. d4 exd4 4. Bc4 d6 5. c3 Ne5 6. Qxd4 c5 7. Bb5+ Nc6 8.
Qe3 Be7 9. O-O Bd7 10. Nbd2 Nf6 11. h3 O-O 12. Bd3 Ne8 13. Nh2 Nc7 14. f4 d5
15. e5 f6 16. exf6 Rxf6 17. Qf3 Ne5 18. Bxh7+ Kxh7 19. Qh5+ Rh6 20. Qxe5 Bf6
21. Qe3 Rg6 22. f5 Rh6 23. Qxc5 Bb5 24. Re1 Bh4 25. Re3 Bg5 26. Rg3 Bf4 27. Rg4
Bd6 28. Qf2 Qf8 29. Ndf3 Rf6 30. Qh4+ Kg8 31. Ng5 Rh6 32. Qxh6 Bc5+ 33. Kh1
Qxf5 34. Qh5 Be8 35. Qh4 Bf2 36. Rf4 Bg6 37. Rxf2 1-0

[Event "42. Open Ciutat de Badalona 2016 - B"]
[Site "Badalona ESP"]
[Date "2016.08.02"]
[Round "1.4"]
[White "Fernandez Pintado, Xavier"]
[Black "Ferre Campos, Josep"]
[Result "0-1"]
[WhiteElo "1684"]
[BlackElo "1936"]
[PlyCount "68"]
[EventDate "2016.08.02"]
[EventType "swiss"]
[EventRounds "9"]
[EventCountry "ESP"]
[SourceTitle "Ajedrez en Madrid"]
[Source "lmi"]
[SourceDate "2016.08.02"]
[SourceVersion "1"]
[SourceVersionDate "2018.07.18"]
[SourceQuality "1"]

1. d4 Nf6 2. c4 c5 3. d5 e5 4. Nc3 d6 5. e4 Be7 6. Bd3 Na6 7. a3 Nc7 8. Nge2 a6
9. a4 b6 10. O-O Bg4 11. h3 Bh5 12. Qe1 Bg6 13. Ng3 Nh5 14. Nf5 Bxf5 15. exf5
Bg5 16. Bxg5 Qxg5 17. Ne4 Qe7 18. g3 g6 19. Qe2 a5 20. f4 O-O-O 21. fxg6 fxg6
22. Qg4+ Kb8 23. Rae1 exf4 24. Qd1 Qg7 25. g4 Nf6 26. Rxf4 Nxe4 27. Rfxe4 Rhe8
28. Qf3 Rxe4 29. Bxe4 Rf8 30. Qg3 Qxb2 31. Kh1 Qf2 32. Qc3 Re8 33. Rb1 Rxe4 34.
Rxb6+ Kc8 0-1

[Event "42. Open Ciutat de Badalona 2016 - B"]
[Site "Badalona ESP"]
[Date "2016.08.02"]
[Round "1.5"]
[White "Ruiz Molina, Gabriel"]
[Black "Georges, Lisa"]
[Result "1-0"]
[WhiteElo "1929"]
[BlackElo "1681"]
[PlyCount "89"]
[EventDate "2016.08.02"]
[EventType "swiss"]
[EventRounds "9"]
[EventCountry "ESP"]
[SourceTitle "Ajedrez en Madrid"]
[Source "lmi"]
[SourceDate "2016.08.02"]
[SourceVersion "1"]
[SourceVersionDate "2018.07.18"]
[SourceQuality "1"]

1. d4 Nf6 2. c4 c5 3. d5 b5 4. Qc2 bxc4 5. e4 d6 6. Bxc4 g6 7. Nf3 Bg7 8. a4
O-O 9. O-O Na6 10. Nc3 Nb4 11. Qe2 Re8 12. Bg5 a6 13. Rac1 Ra7 14. Qd2 Bg4 15.
Be2 Nd7 16. Be3 Qc8 17. h3 Bxf3 18. Bxf3 Ne5 19. Be2 Qd8 20. f4 Nd7 21. Bg4 Nf6
22. Bf3 Rd7 23. Bd1 e6 24. Bb3 exd5 25. exd5 Rde7 26. Rce1 Ne4 27. Nxe4 Rxe4
28. Bf2 Rxe1 29. Bxe1 Qf6 30. Bc4 Re4 31. b3 Bh6 32. g3 Bg7 33. Qg2 Re3 34. Bd2
Re8 35. Kh2 a5 36. Rc1 Qb2 37. Re1 Rxe1 38. Bxe1 Qc1 39. Qd2 Qxd2+ 40. Bxd2 Kf8
41. Kg2 Ke7 42. g4 Bd4 43. Kf3 f5 44. Kg3 Kf6 45. Be1 1-0

[Event "42. Open Ciutat de Badalona 2016 - B"]
[Site "Badalona ESP"]
[Date "2016.08.02"]
[Round "1.6"]
[White "Romero Torrents, Josep"]
[Black "Daimiel Bescos, Eleuterio"]
[Result "1/2-1/2"]
[WhiteElo "1678"]
[BlackElo "1927"]
[PlyCount "132"]
[EventDate "2016.08.02"]
[EventType "swiss"]
[EventRounds "9"]
[EventCountry "ESP"]
[SourceTitle "Ajedrez en Madrid"]
[Source "lmi"]
[SourceDate "2016.08.02"]
[SourceVersion "1"]
[SourceVersionDate "2018.07.18"]
[SourceQuality "1"]

1. e4 e5 2. Nf3 Nc6 3. Bb5 a6 4. Ba4 Nf6 5. O-O Be7 6. Re1 b5 7. Bb3 O-O 8. h3
d5 9. exd5 Nxd5 10. Nxe5 Nxe5 11. Rxe5 c6 12. Bxd5 cxd5 13. Qf3 Bb7 14. Re1 Qc7
15. Qc3 Qd7 16. d4 Rac8 17. Qd3 Bd6 18. Nd2 Qc7 19. c3 b4 20. cxb4 Bxb4 21. a3
Ba5 22. b4 Bb6 23. Nf3 Qc4 24. Qd1 Qc2 25. Bf4 Rc4 26. Qxc2 Rxc2 27. Rec1 Rfc8
28. Rxc2 Rxc2 29. Re1 Rc8 30. Bd6 Bc6 31. Rc1 Bd7 32. Rxc8+ Bxc8 33. Kf1 f6 34.
Ke2 Kf7 35. Ke3 Bd7 36. Nd2 Ba4 37. f4 Bc2 38. g3 Ke6 39. Bc5 Bc7 40. g4 g6 41.
Kf3 Kd7 42. Nf1 Be4+ 43. Kg3 g5 44. a4 Bxf4+ 45. Kf2 Bc2 46. b5 axb5 47. axb5
Bd3 48. b6 f5 49. Ng3 fxg4 50. hxg4 Kc6 51. Nh5 Bd2 52. Nf6 Ba5 53. Ke3 Bc2 54.
Ng8 Bxb6 55. Ne7+ Kb5 56. Bxb6 Kxb6 57. Nxd5+ Kb5 58. Nc7+ Kc6 59. Ne6 Bd1 60.
Nxg5 Bxg4 61. Nxh7 Bf5 62. Nf6 Kd6 63. Ne4+ Kd5 64. Nc3+ Kd6 65. Kf4 Bd3 66.
Ke3 Bf5 1/2-1/2

[Event "42. Open Ciutat de Badalona 2016 - B"]
[Site "Badalona ESP"]
[Date "2016.08.02"]
[Round "1.7"]
[White "Casset Bello, Elena"]
[Black "Alonso Gomez, Antonio"]
[Result "1-0"]
[WhiteElo "1926"]
[BlackElo "1670"]
[PlyCount "53"]
[EventDate "2016.08.02"]
[EventType "swiss"]
[EventRounds "9"]
[EventCountry "ESP"]
[SourceTitle "Ajedrez en Madrid"]
[Source "lmi"]
[SourceDate "2016.08.02"]
[SourceVersion "1"]
[SourceVersionDate "2018.07.18"]
[SourceQuality "1"]

1. d4 Nf6 2. Nf3 g6 3. c4 Bg7 4. Nc3 d6 5. e4 O-O 6. Be2 Nbd7 7. O-O h6 8. Qc2
e5 9. d5 a5 10. Ne1 Nh7 11. Be3 f5 12. f3 f4 13. Bf2 b6 14. Nd3 Nc5 15. a3 Bd7
16. b4 Nb7 17. c5 bxc5 18. bxc5 dxc5 19. Nxc5 Nxc5 20. Bxc5 Re8 21. Bb5 Bf8 22.
Bxf8 Nxf8 23. a4 c6 24. dxc6 Bxc6 25. Qb3+ Kh8 26. Bxc6 Qd4+ 27. Kh1 1-0

[Event "42. Open Ciutat de Badalona 2016 - B"]
[Site "Badalona ESP"]
[Date "2016.08.02"]
[Round "1.8"]
[White "Grasa Solanas, Oscar"]
[Black "Palacios Pena, Gerardo"]
[Result "1-0"]
[WhiteElo "1664"]
[BlackElo "1900"]
[PlyCount "92"]
[EventDate "2016.08.02"]
[EventType "swiss"]
[EventRounds "9"]
[EventCountry "ESP"]
[SourceTitle "Ajedrez en Madrid"]
[Source "lmi"]
[SourceDate "2016.08.02"]
[SourceVersion "1"]
[SourceVersionDate "2018.07.18"]
[SourceQuality "1"]

1. c4 c5 2. Nc3 Nc6 3. Nf3 g6 4. g3 Bg7 5. Bg2 d6 6. O-O e6 7. d3 Nge7 8. a3
O-O 9. Rb1 b6 10. Bg5 Bb7 11. Qd2 Re8 12. Ne4 Qc7 13. Nf6+ Kh8 14. Nxe8 Rxe8
15. Qf4 Ng8 16. Qc1 Qc8 17. Bf4 Rd8 18. Ng5 Qc7 19. b4 e5 20. Be3 h6 21. Ne4 f5
22. Nc3 Kh7 23. Nd5 Qc8 24. Re1 Rf8 25. Bd2 Nd4 26. e3 Ne6 27. a4 Bc6 28. Qa3
Qd7 29. b5 Bxd5 30. Bxd5 Nf6 31. Bg2 e4 32. a5 Ng5 33. Red1 Qe6 34. Be1 Ng4 35.
h3 Ne5 36. Kh1 Nxd3 37. axb6 axb6 38. Qb3 f4 39. exf4 Nxh3 40. Rxd3 exd3 41.
Kh2 Nxf4 42. gxf4 Qf5 43. Bd2 Re8 44. Bh3 Qh5 45. Qxd3 Re2 46. Be3 Bd4 1-0

[Event "42. Open Ciutat de Badalona 2016 - B"]
[Site "Badalona ESP"]
[Date "2016.08.02"]
[Round "1.9"]
[White "Costa Trave, Jaume"]
[Black "Sanchez Coves, Juan Josep"]
[Result "1-0"]
[WhiteElo "1898"]
[BlackElo "1664"]
[PlyCount "109"]
[EventDate "2016.08.02"]
[EventType "swiss"]
[EventRounds "9"]
[EventCountry "ESP"]
[SourceTitle "Ajedrez en Madrid"]
[Source "lmi"]
[SourceDate "2016.08.02"]
[SourceVersion "1"]
[SourceVersionDate "2018.07.18"]
[SourceQuality "1"]

1. f4 Nf6 2. Nf3 g6 3. e3 Bg7 4. d4 O-O 5. Bd3 b6 6. e4 Bb7 7. e5 Ne8 8. O-O c5
9. c3 cxd4 10. cxd4 Nc6 11. Nc3 Nc7 12. a3 d5 13. Be3 e6 14. Rc1 Na5 15. Rc2
Rc8 16. g4 Ba6 17. f5 Bxd3 18. Qxd3 exf5 19. gxf5 Nc4 20. f6 Bh8 21. Bc1 Re8
22. h4 Qd7 23. Kh2 Ne6 24. h5 Nf8 25. Rg2 Qc7 26. Kh1 Qd7 27. Rg3 Rc6 28. hxg6
hxg6 29. Rfg1 Bxf6 30. exf6 Rxf6 31. Ng5 Qf5 32. Qxf5 Rxf5 33. Rf3 Rxf3 34.
Nxf3 Rd8 35. Ne5 Ne6 36. Rd1 Nxe5 37. dxe5 d4 38. Ne4 Kg7 39. Nf6 Nc5 40. Bg5
Rh8+ 41. Kg2 Ne6 42. Ne4 Nxg5 43. Nxg5 Rd8 44. Kf3 Rd5 45. Ke4 Rb5 46. Rd2 f6
47. exf6+ Kxf6 48. Nf3 Rh5 49. Rxd4 Rb5 50. b4 Rh5 51. Rd7 a5 52. Rd6+ Ke7 53.
Rxb6 axb4 54. axb4 Kf7 55. Ne5+ 1-0

[Event "42. Open Ciutat de Badalona 2016 - B"]
[Site "Badalona ESP"]
[Date "2016.08.02"]
[Round "1.10"]
[White "Alsharhan, Musaed"]
[Black "Ritter Aguilar, Jordi"]
[Result "0-1"]
[WhiteElo "1656"]
[BlackElo "1896"]
[PlyCount "117"]
[EventDate "2016.08.02"]
[EventType "swiss"]
[EventRounds "9"]
[EventCountry "ESP"]
[SourceTitle "Ajedrez en Madrid"]
[Source "lmi"]
[SourceDate "2016.08.02"]
[SourceVersion "1"]
[SourceVersionDate "2018.07.18"]
[SourceQuality "1"]

1. d4 e6 2. Nf3 c5 3. e3 Nf6 4. Bd3 d5 5. c3 Nc6 6. Nbd2 Bd6 7. Qe2 O-O 8. dxc5
Bxc5 9. e4 e5 10. O-O Bg4 11. exd5 Nxd5 12. Ne4 Be7 13. h3 Bh5 14. Ng3 Bxf3 15.
Qxf3 Nf4 16. Bc2 Qc7 17. Nf5 Bf6 18. Bxf4 exf4 19. Nh6+ Kh8 20. Nf5 g6 21. Nh6
Bg5 22. Ng4 h5 23. Qd5 f6 24. Nh2 Rad8 25. Qc4 Qg7 26. Nf3 Bh6 27. Qe4 f5 28.
Qe6 Rfe8 29. Qc4 Qf6 30. Rad1 Ne5 31. Nxe5 Qxe5 32. Rxd8 Rxd8 33. Qf7 Qg7 34.
Qb3 f3 35. g3 f4 36. Be4 fxg3 37. fxg3 Qe5 38. Bxf3 Qxg3+ 39. Bg2 Be3+ 40. Kh1
Bf4 41. Rxf4 Qxf4 42. c4 b6 43. Kg1 Rd2 44. Kh1 Qf2 45. Qc3+ Kh7 46. Qf3 Qxf3
47. Bxf3 Rxb2 48. Bd5 Kh6 49. h4 Rxa2 50. Bb7 g5 51. hxg5+ Kxg5 52. Kg1 Kf4 53.
Kf1 Kg3 54. Bd5 h4 55. Bb7 h3 56. Ke1 h2 57. Kd1 h1=Q+ 58. Bxh1 Ra1+ 59. Kc2
0-1

[Event "42. Open Ciutat de Badalona 2016 - B"]
[Site "Badalona ESP"]
[Date "2016.08.03"]
[Round "2.1"]
[White "Bru Rullo, Samuel"]
[Black "Romeu Perulles, Jaume"]
[Result "1-0"]
[WhiteElo "1803"]
[BlackElo "1937"]
[PlyCount "106"]
[EventDate "2016.08.02"]
[EventType "swiss"]
[EventRounds "9"]
[EventCountry "ESP"]
[SourceTitle "Ajedrez en Madrid"]
[Source "lmi"]
[SourceDate "2016.08.02"]
[SourceVersion "1"]
[SourceVersionDate "2018.07.18"]
[SourceQuality "1"]

1. Nf3 f5 2. c4 Nf6 3. g3 e6 4. Bg2 Be7 5. O-O O-O 6. d4 d6 7. Nc3 Qe8 8. b4
Qh5 9. a4 Ne4 10. Qc2 Nxc3 11. Qxc3 Nd7 12. Bb2 g5 13. Nd2 Rf6 14. f4 Rh6 15.
fxg5 Bxg5 16. Nf3 Bf6 17. Qc2 e5 18. Bc1 e4 19. Bxh6 exf3 20. Bxf3 Qxh6 21.
Bd5+ Kh8 22. Rad1 c6 23. Bg2 Nf8 24. d5 c5 25. b5 Bd7 26. Kh1 Ng6 27. e4 f4 28.
gxf4 Nxf4 29. Qd2 Be5 30. Rf2 Bg4 31. Rdf1 Rf8 32. Qa5 Bh3 33. Bxh3 Qxh3 34.
Qd2 Qh4 35. Qc1 Rf6 36. Qd2 Nh3 37. Rxf6 Bxf6 38. Qg2 Nf4 39. Qg3 Qxg3 40. hxg3
Nh5 41. Kg2 Be5 42. Rf7 Nxg3 43. Rxb7 Nxe4 44. Rxa7 Nf6 45. b6 Bc3 46. b7 Nd7
47. Ra8+ Kg7 48. b8=Q Nxb8 49. Rxb8 Kf6 50. Rh8 Ke5 51. Rxh7 Kd4 52. Rh4+ Ke5
53. Kf3 Be1 1-0

[Event "42. Open Ciutat de Badalona 2016 - B"]
[Site "Badalona ESP"]
[Date "2016.08.03"]
[Round "2.3"]
[White "Martinez Perez, Pablo"]
[Black "Ruiz Molina, Gabriel"]
[Result "1-0"]
[WhiteElo "1799"]
[BlackElo "1929"]
[PlyCount "95"]
[EventDate "2016.08.02"]
[EventType "swiss"]
[EventRounds "9"]
[EventCountry "ESP"]
[SourceTitle "Ajedrez en Madrid"]
[Source "lmi"]
[SourceDate "2016.08.02"]
[SourceVersion "1"]
[SourceVersionDate "2018.07.18"]
[SourceQuality "1"]

1. e4 e6 2. d4 d5 3. Nc3 Nf6 4. e5 Nfd7 5. f4 c5 6. Nf3 Nc6 7. Be3 Be7 8. Qd2
a6 9. Be2 b5 10. a3 Bb7 11. O-O Qb6 12. Nd1 Rc8 13. c3 Na5 14. Qe1 Nc4 15. Bxc4
dxc4 16. Qg3 O-O 17. Nf2 Qd8 18. Rad1 Qc7 19. f5 exf5 20. d5 Nxe5 21. Qxe5 Bd6
22. Qxf5 Rce8 23. Bc1 Bc8 24. Qh5 f5 25. Rfe1 g6 26. Qh6 a5 27. Nh3 Re4 28.
Nhg5 Rg4 29. Ne6 Bxe6 30. dxe6 Re8 31. Ng5 Bf8 32. Qh3 h6 33. Nf7 Qc6 34. Ne5
Qxe6 35. Nxg4 Qxe1+ 36. Rxe1 Rxe1+ 37. Kf2 fxg4 38. Qxg4 Rxc1 39. Qxg6+ Bg7 40.
Qe8+ Kh7 41. Qxb5 Rc2+ 42. Kf3 Rd2 43. Qb7 Rd3+ 44. Ke2 Rd6 45. Qe4+ Rg6 46. b4
h5 47. g4 Kh6 48. g5+ 1-0

[Event "42. Open Ciutat de Badalona 2016 - B"]
[Site "Badalona ESP"]
[Date "2016.08.03"]
[Round "2.4"]
[White "Minos Constante, Pablo"]
[Black "Casset Bello, Elena"]
[Result "1/2-1/2"]
[WhiteElo "1795"]
[BlackElo "1926"]
[PlyCount "71"]
[EventDate "2016.08.02"]
[EventType "swiss"]
[EventRounds "9"]
[EventCountry "ESP"]
[SourceTitle "Ajedrez en Madrid"]
[Source "lmi"]
[SourceDate "2016.08.02"]
[SourceVersion "1"]
[SourceVersionDate "2018.07.18"]
[SourceQuality "1"]

1. e4 e5 2. Nf3 Nc6 3. Bb5 a6 4. Ba4 Nf6 5. d3 b5 6. Bb3 Be7 7. O-O d6 8. c3
O-O 9. Re1 Na5 10. Bc2 c5 11. d4 cxd4 12. cxd4 Qc7 13. Nbd2 Bg4 14. h3 Bh5 15.
d5 Bg6 16. Nh4 Nh5 17. Nxg6 fxg6 18. Nf3 Nf4 19. Bd3 Qd7 20. Bxf4 Rxf4 21. Rc1
Rc8 22. Rxc8+ Qxc8 23. Qc1 Rf8 24. b3 Nb7 25. b4 Qd7 26. Qb2 Rc8 27. Rc1 Nd8
28. Rc3 Rxc3 29. Qxc3 Nf7 30. Bc2 Bd8 31. Bb3 Kf8 32. Qc2 Bb6 33. a4 bxa4 34.
Bxa4 Qc7 35. Qc6 Qxc6 36. Bxc6 1/2-1/2

[Event "42. Open Ciutat de Badalona 2016 - B"]
[Site "Badalona ESP"]
[Date "2016.08.03"]
[Round "2.5"]
[White "Delgado Camara, Lluis Felix"]
[Black "Costa Trave, Jaume"]
[Result "1-0"]
[WhiteElo "1792"]
[BlackElo "1898"]
[PlyCount "95"]
[EventDate "2016.08.02"]
[EventType "swiss"]
[EventRounds "9"]
[EventCountry "ESP"]
[SourceTitle "Ajedrez en Madrid"]
[Source "lmi"]
[SourceDate "2016.08.02"]
[SourceVersion "1"]
[SourceVersionDate "2018.07.18"]
[SourceQuality "1"]

1. e4 e6 2. d4 d5 3. Nc3 dxe4 4. Nxe4 Bd7 5. Nf3 Bc6 6. Bd3 Nd7 7. O-O Ngf6 8.
Neg5 h6 9. Nxe6 fxe6 10. Bg6+ Ke7 11. c4 Be4 12. Nh4 Rg8 13. Bxe4 Nxe4 14. Ng6+
Kf6 15. Nxf8 Rxf8 16. Qf3+ Ke7 17. Qxe4 Nf6 18. Qd3 Kf7 19. Re1 Qd7 20. b3 Kg8
21. Bb2 Rad8 22. Rad1 c6 23. h3 Qf7 24. Qe3 Rde8 25. Ba3 Nh5 26. Bxf8 Kxf8 27.
d5 exd5 28. Qxe8+ Qxe8 29. Rxe8+ Kxe8 30. cxd5 c5 31. d6 Kd7 32. Rd5 Nf4 33.
Rxc5 Kxd6 34. Rf5 Ne2+ 35. Kf1 Nc1 36. Rf7 Kc6 37. Rxg7 Nxa2 38. Rg6+ Kc5 39.
Rxh6 Nc1 40. Rh7 Kc6 41. b4 Nd3 42. Rh4 Kb5 43. Rh7 Kb6 44. b5 Nc5 45. g4 Kxb5
46. g5 a5 47. g6 a4 48. g7 1-0

[Event "42. Open Ciutat de Badalona 2016 - B"]
[Site "Badalona ESP"]
[Date "2016.08.03"]
[Round "2.6"]
[White "Ritter Aguilar, Jordi"]
[Black "Martinez Hernandez, Emili"]
[Result "0-1"]
[WhiteElo "1896"]
[BlackElo "1789"]
[PlyCount "41"]
[EventDate "2016.08.02"]
[EventType "swiss"]
[EventRounds "9"]
[EventCountry "ESP"]
[SourceTitle "Ajedrez en Madrid"]
[Source "lmi"]
[SourceDate "2016.08.02"]
[SourceVersion "1"]
[SourceVersionDate "2018.07.18"]
[SourceQuality "1"]

1. c4 Nf6 2. Nc3 g6 3. g3 Bg7 4. Bg2 O-O 5. e4 d6 6. Nge2 Nbd7 7. d3 c6 8. O-O
a5 9. a3 e5 10. h3 Ne8 11. f4 Nc5 12. Be3 Ne6 13. b4 Nd4 14. b5 Bd7 15. a4 f5
16. exf5 exf4 17. gxf4 Nxf5 18. Bd2 Nh4 19. Ng3 Nxg2 20. Kxg2 Qh4 21. Rh1 0-1

[Event "42. Open Ciutat de Badalona 2016 - B"]
[Site "Badalona ESP"]
[Date "2016.08.03"]
[Round "2.8"]
[White "Ruiz Planas, Adelito"]
[Black "Saiz Rodrigo, Fernando"]
[Result "0-1"]
[WhiteElo "1787"]
[BlackElo "1891"]
[PlyCount "104"]
[EventDate "2016.08.02"]
[EventType "swiss"]
[EventRounds "9"]
[EventCountry "ESP"]
[SourceTitle "Ajedrez en Madrid"]
[Source "lmi"]
[SourceDate "2016.08.02"]
[SourceVersion "1"]
[SourceVersionDate "2018.07.18"]
[SourceQuality "1"]

1. Nf3 Nf6 2. c4 e6 3. d4 d5 4. e3 c6 5. Nc3 Bd6 6. Bd3 Nbd7 7. b3 Qa5 8. Bd2
Qd8 9. Qc2 h6 10. Rd1 O-O 11. O-O Ne8 12. e4 b6 13. exd5 cxd5 14. cxd5 exd5 15.
Nxd5 Bb7 16. Nf4 Rc8 17. Bh7+ Kh8 18. Qd3 Bxf3 19. gxf3 Bxf4 20. Bxf4 g6 21.
Bxh6 Kxh7 22. Bxf8 Nxf8 23. Rfe1 Qg5+ 24. Kh1 Nd6 25. Re5 Qh4 26. Qe2 Ne6 27.
d5 Nd4 28. Qd3 N4f5 29. Qf1 Qf4 30. Qh3+ Kg7 31. Rde1 Rh8 32. Qg2 Nh4 33. Qg3
Qxf3+ 34. Qxf3 Nxf3 35. Kg2 Nxe5 36. Rxe5 Re8 37. Rg5 f6 38. Rg3 Re2 39. a4 Rd2
40. Rc3 Rxf2+ 41. Kg1 Rd2 42. Rc7+ Kh6 43. Rxa7 Rxd5 44. Rc7 Kg5 45. Rc6 b5 46.
a5 b4 47. a6 Nf5 48. a7 Ra5 49. Rc7 Kg4 50. Kf2 Ra2+ 51. Ke1 Kf3 52. Rb7 Ne3
0-1

[Event "42. Open Ciutat de Badalona 2016 - B"]
[Site "Badalona ESP"]
[Date "2016.08.03"]
[Round "2.9"]
[White "Garcia Guardiola, Joan"]
[Black "Fernandez Egea, Andres"]
[Result "0-1"]
[WhiteElo "1784"]
[BlackElo "1885"]
[PlyCount "88"]
[EventDate "2016.08.02"]
[EventType "swiss"]
[EventRounds "9"]
[EventCountry "ESP"]
[SourceTitle "Ajedrez en Madrid"]
[Source "lmi"]
[SourceDate "2016.08.02"]
[SourceVersion "1"]
[SourceVersionDate "2018.07.18"]
[SourceQuality "1"]

1. e4 e5 2. Nf3 Nc6 3. Bb5 a6 4. Ba4 Nf6 5. O-O Nxe4 6. Re1 b5 7. Bb3 d5 8. d3
Nf6 9. Nxe5 Nxe5 10. Rxe5+ Be6 11. Bg5 c6 12. Qf3 Be7 13. c4 Nd7 14. Bxe7 Nxe5
15. Bxd8 Nxf3+ 16. gxf3 Rxd8 17. cxb5 axb5 18. a4 b4 19. Nd2 Ke7 20. d4 Kd6 21.
Rc1 g5 22. Rc5 h5 23. a5 h4 24. Bc2 h3 25. a6 Rh4 26. Nb3 Rxd4 27. Rxc6+ Kxc6
28. Nxd4+ Kc5 29. Nxe6+ fxe6 30. Kf1 Kb6 31. Bd3 Rc8 32. Ke2 Rc1 33. f4 Rh1 34.
f5 exf5 35. Bxf5 Rxh2 36. Kf3 Rh1 37. Kg3 Kxa6 38. Be6 d4 39. Bd5 Rc1 40. b3 d3
41. Kf3 h2 42. Ke3 h1=Q 43. Bxh1 Rxh1 44. Kxd3 Kb5 0-1

[Event "42. Open Ciutat de Badalona 2016 - B"]
[Site "Badalona ESP"]
[Date "2016.08.03"]
[Round "2.10"]
[White "Petit Montes, Marc"]
[Black "Devos, Herve"]
[Result "1-0"]
[WhiteElo "1770"]
[BlackElo "1885"]
[PlyCount "84"]
[EventDate "2016.08.02"]
[EventType "swiss"]
[EventRounds "9"]
[EventCountry "ESP"]
[SourceTitle "Ajedrez en Madrid"]
[Source "lmi"]
[SourceDate "2016.08.02"]
[SourceVersion "1"]
[SourceVersionDate "2018.07.18"]
[SourceQuality "1"]

1. b3 e5 2. Bb2 Nc6 3. e3 Bb4 4. Bb5 d6 5. Ne2 Nge7 6. O-O O-O 7. Bxc6 Nxc6 8.
d4 Qg5 9. Nd2 Bh3 10. Ng3 Bg4 11. Nf3 Qg6 12. h3 Bxf3 13. gxf3 exd4 14. Bxd4
Nxd4 15. Qxd4 Bc5 16. Qd3 f5 17. f4 Rae8 18. Kh2 c6 19. Rad1 Rd8 20. b4 Bb6 21.
a4 Qf7 22. b5 d5 23. Qc3 Rd6 24. Ne2 Qh5 25. Rg1 Rg6 26. Rxg6 Qxg6 27. Rg1 Qf6
28. Qd3 Kf7 29. c4 Rd8 30. Rd1 Qe6 31. Nd4 Bxd4 32. Qxd4 Qd7 33. Qxa7 Qc8 34.
Qb6 cxb5 35. axb5 Rd7 36. Rxd5 Rxd5 37. cxd5 Ke7 38. Qd4 Kf7 39. Qe5 Qd7 40. b6
h6 41. Kg3 Qe7 42. Qxf5+ Kg8 1-0

[Event "42. Open Ciutat de Badalona 2016 - B"]
[Site "Badalona ESP"]
[Date "2016.08.04"]
[Round "3.1"]
[White "Saiz Rodrigo, Fernando"]
[Black "Delgado Camara, Lluis Felix"]
[Result "0-1"]
[WhiteElo "1891"]
[BlackElo "1792"]
[PlyCount "92"]
[EventDate "2016.08.02"]
[EventType "swiss"]
[EventRounds "9"]
[EventCountry "ESP"]
[SourceTitle "Ajedrez en Madrid"]
[Source "lmi"]
[SourceDate "2016.08.02"]
[SourceVersion "1"]
[SourceVersionDate "2018.07.18"]
[SourceQuality "1"]

1. e4 e6 2. Qe2 c5 3. g3 Nc6 4. c3 Be7 5. Bg2 d5 6. e5 Qc7 7. f4 Nh6 8. Nf3 b6
9. O-O O-O 10. Na3 a6 11. Nc2 b5 12. d3 a5 13. h3 Nf5 14. Kh2 b4 15. Ne3 Nxe3
16. Bxe3 f6 17. exf6 Rxf6 18. Rfe1 Bd7 19. Rac1 e5 20. fxe5 Rg6 21. Bf4 Be6 22.
d4 c4 23. Qe3 h6 24. h4 Bg4 25. Nd2 Rf8 26. Bxd5+ Kh8 27. Be4 Bf5 28. Bxf5 Rxf5
29. Qe4 Qc8 30. d5 Rg4 31. e6 Qf8 32. Rf1 Qf6 33. Nf3 Rfxf4 34. gxf4 Rxf4 35.
Qe2 Bd6 36. Kh1 Ne5 37. Nh2 Nd3 38. Rxf4 Nxf4 39. Qg4 Qe5 40. Qf3 Nd3 41. Rc2
Ne1 42. Re2 Nxf3 43. Rxe5 Nxe5 44. Kg2 Nd3 45. Nf3 Nxb2 46. cxb4 axb4 0-1

[Event "42. Open Ciutat de Badalona 2016 - B"]
[Site "Badalona ESP"]
[Date "2016.08.04"]
[Round "3.2"]
[White "Fernandez Egea, Andres"]
[Black "Colom Andres, Xavier"]
[Result "0-1"]
[WhiteElo "1885"]
[BlackElo "1790"]
[PlyCount "86"]
[EventDate "2016.08.02"]
[EventType "swiss"]
[EventRounds "9"]
[EventCountry "ESP"]
[SourceTitle "Ajedrez en Madrid"]
[Source "lmi"]
[SourceDate "2016.08.02"]
[SourceVersion "1"]
[SourceVersionDate "2018.07.18"]
[SourceQuality "1"]

1. e4 c6 2. d4 d5 3. f3 e6 4. Be3 Nd7 5. Nd2 c5 6. exd5 exd5 7. Bd3 Qb6 8. dxc5
Bxc5 9. Bxc5 Nxc5 10. Qe2+ Qe6 11. Bb5+ Bd7 12. O-O-O O-O-O 13. Bxd7+ Rxd7 14.
Nb3 Nxb3+ 15. axb3 Ne7 16. Qd2 Nc6 17. Ne2 d4 18. Rhe1 Qd6 19. Qf4 Qc5 20. Ng3
Nb4 21. Qf5 Qxf5 22. Nxf5 Rhd8 23. Re4 g6 24. Ng3 f5 25. Re5 d3 26. c4 d2+ 27.
Kb1 Nd3 28. Re2 Nc1 29. Rf2 Nxb3 30. Nf1 Na5 31. Rfxd2 Nxc4 32. Rxd7 Rxd7 33.
Rc1 Rc7 34. b3 Ne5 35. Ne3 Nd3 36. Rxc7+ Kxc7 37. g3 Kc6 38. h4 Kc5 39. Nc2 a5
40. Ka2 Nb4+ 41. Kb2 Nxc2 42. Kxc2 Kd4 43. Kd2 b5 0-1